Regiões Hidrográficas do Brasil em um Mapa - Statistics

Estatísticas Gerais
  • Esse quiz foi jogado 316 vezes
  • A pontuação média é 7 de 12
Respostas no mapa
Respostas codificadas por cores de uma escala verde-vermelha no mapa do quiz de acordo com a % correta abaixo.
 
Estatísticas das Respostas
Região Hidrográfica % Correto
São Francisco
93%
Paraná
86%
Tocantins-Araguaia
82%
Uruguai
75%
Paraguai
73%
Amazônica
70%
Atlântico Sul
57%
Parnaíba
52%
Atlântico Leste
40%
Atlântico Sudeste
35%
Atlântico Nordeste Ocidental
25%
Atlântico Nordeste Oriental
25%
Nenhum quiz correspondente encontrado
Distribuição das Pontuações
Porcentagem de Pessoas com Cada Pontuação
Percentil de Números Respondidos
Sua Pontuação Histórica
Você não jogou esse quiz